Guess the New Zealand - Christchurch suburb by picture - Statistics

General Stats
  • This quiz has been taken 29 times
  • The average score is 3 of 8
Answer Stats
Picture Answer % Correct
Ilam
92%
Riccarton
63%
Fendalton
54%
Aranui
38%
Linwood
29%
Woolston
29%
Avonhead
25%
Southshore
8%
No matching quizzes found
Score Distribution
Percent of People with Each Score
Percentile by Number Answered
Your Score History
You have not taken this quiz